ՀՀ Գիտությունների ազգային ակադեմիայի հիմնարար գիտական գրադարան  =   Fundamental Scientific Library of NAS RA

Չոչարա : (Record no. 86085)

MARC details
000 -LEADER
fixed length control field 01023nam a2200217 a 4500
001 - CONTROL NUMBER
control field 000242677
003 - CONTROL NUMBER IDENTIFIER
control field AM-YeHGA
005 - DATE AND TIME OF LATEST TRANSACTION
control field 20250618071625.0
008 - FIXED-LENGTH DATA ELEMENTS--GENERAL INFORMATION
fixed length control field 030702s1962 ai 000 | arm d
040 ## - CATALOGING SOURCE
Original cataloging agency AM-YeHGA
090 ## - LOCALLY ASSIGNED LC-TYPE CALL NUMBER (OCLC); LOCAL CALL NUMBER (RLIN)
-- 87365
245 10 - TITLE STATEMENT
Title Չոչարա :
Remainder of title [Վեպ] /
Statement of responsibility, etc. Ա. Մորավիա; Իտալ. թարգմ.՝ Գ. Վիրապյան; Առաջաբ.՝ Ս. Սարյան; Խմբ.՝ Գ.Ս. Քեշիշյան.
260 ## - PUBLICATION, DISTRIBUTION, ETC.
Place of publication, distribution, etc. Երևան :
Name of publisher, distributor, etc. Հայպետհրատ,
Date of publication, distribution, etc. 1962.
300 ## - PHYSICAL DESCRIPTION
Extent 442 էջ ;
Dimensions 20 սմ.
650 14 - SUBJECT ADDED ENTRY--TOPICAL TERM
Topical term or geographic name entry element Իտալական գրականություն
General subdivision Վեպ
653 0# - INDEX TERM--UNCONTROLLED
Uncontrolled term Երկրորդ համաշխարհային պատերազմ
653 0# - INDEX TERM--UNCONTROLLED
Uncontrolled term Կյանք, սեր, մարդկային փոխհարաբերություններ
700 1# - ADDED ENTRY--PERSONAL NAME
Personal name Վիրապյան, Գևորգ Վահանի,
Dates associated with a name 1917-1977
Relator term թարգմ.
Relationship trl
700 1# - ADDED ENTRY--PERSONAL NAME
Personal name Սարյան, Սարգիս Մարտիրոսի,
Dates associated with a name 1917-1962
Relator term առաջաբ.
Relationship aui
9 (RLIN) 2787
700 1# - ADDED ENTRY--PERSONAL NAME
Personal name Քեշիշյան, Գրիգոր Սամվելի,
Dates associated with a name 1921-1980
Relator term խմբ.
Relationship edt
9 (RLIN) 2468
Holdings
Withdrawn status Lost status Damaged status Not for loan Collection Home library Current library Date acquired Total checkouts Full call number Barcode Date last seen Price effective from Koha item type Public note Cost, replacement price
        General Fundamental Scientific Library Fundamental Scientific Library 22/12/2016   850 220067013 22/12/2016 22/12/2016 Գրքեր / Books 30 Days Loan  
        General Fundamental Scientific Library Fundamental Scientific Library 22/12/2016   AII/19606 FL0007726 22/12/2016 22/12/2016 Գրքեր / Books 30 Days Loan 1.00
        General Fundamental Scientific Library Fundamental Scientific Library 22/12/2016   AII/19607 FL0007727 22/12/2016 22/12/2016 Գրքեր / Books 30 Days Loan 1.00


ՀՀ ԳԱԱ հիմնարար գիտական գրադարան
ՀՀ,Երևան 0019
Մարշալ Բաղրամյան 24/6
հեռախոս:(374-10) 52-47-50
Հետադարձ կապ

All site content, except where otherwise noted, is licensed under a
Creative Commons License